000 00642nam a2200181 i 4500
001 41777
003 ES-MaACL
005 20250902063053.0
007 t|
008 030311s1904 sp ||||1| spa d
100 1 _aCastellarnau, Joaquín María de,
_d1848-1943
_9143533
245 1 0 _aDescripción micrográfica del sistema leñoso de las especies forestales españolas
_b: atlas 2º cuaderno /
_cJoaquín María Castellarnau y Lleopart.
260 _aMadrid :
_b[s.n.,
_c1904] (
_fImp. Alemana)
300 _a24 lám. ;
_c47 cm.
650 4 _aMadera-
_xAnatomía.
_9151954
852 _aES-MaACL
_jB-8397
999 _c41777
_d41777